Maior Urbes in Italia - Statistics

General Stats
  • This quiz has been taken 19 times
  • The average score is 4 of 20
Answer Stats
Homines Answer % Correct
MMDCCCLXIV Roma
100%
MCCCXLV Mediolanum
56%
CMLXXIV Neapolis
56%
CCLXIII Venetia
56%
CCCLXXXII Florentia
22%
CCLVIII Verona
17%
CCCXXVI Barium
11%
CCCLXXXVI Bononia
11%
DLXXXVI Genua
11%
DCLXXIV Panormus
6%
CICII Parma
6%
CCX Patavium
6%
CICVI Brixia
0%
CCCXIV Catana
0%
CCXXXVIII Messana
0%
CLXXXIV Mutina
0%
CICI Prato
0%
CCI Tarentum
0%
DCCCXC Taurinus
0%
CCIV Tergeste
0%
No matching quizzes found
Score Distribution
Percent of People with Each Score
Percentile by Number Answered
Your Score History
You have not taken this quiz